000 00888nam a22002177a 4500
999 _c16098
_d16098
003 AR-CdUCM
008 190305b ||||| |||| 00| 0 spa d
040 _aMUNICIPALIDAD PROVINCIAL DEL CUSCO
_cBIBLIOTECA MUNICIPAL DEL CUSCO
082 _a335.43 /
_bC70
100 _aLenin, V. I.
_94963
245 _aLa enfermedad infantil del izquierdismo en el comunismo /
260 _aMéxico:
_bGrijalbo,
_c1974.
300 _a159 páginas ;
_c19 cm.
440 _aColección 70
_n140
_935375
505 _aContenido : ¿En que sentido puede hablarse de la importancia internacional de la revolución rusa? -- Una de las condiciones fundamentales del éxito de los bolcheviques -- Las etapas principales de la historia del bolchevismo ...
650 _aIzquierdismo.
_910322
650 _aBolchevismo
_935376
650 _aSociología
_9276
942 _2ddc
_cLIBROS
945 _arah
_d02/05/2019